00480nam a2200169Ia 450000500170000000800410001708200130005810000120007124500170008326000430010030000170014365000120016065000220017294200060019495200950020099900150029520240823064848.0240331s9999 xx 000 0 und d bXUNa800 aXun, Lu 0aCall to Arms aBeijingbForeign Languages Pressc1981 avi, 149 p ., aHistory aChinese - History cL 001040708LaWERCLbWERCLcSSCd2024-03-31l0o 800 XUNp1688r2024-03-31w2024-03-31yL c3093d3093